|
|
|
|
| LEADER |
01364nam a2200265 a 4500 |
| 001 |
00133040 |
| 003 |
GR-PaULI |
| 008 |
030909s2004 gw a b 001 0 eng |
| 020 |
|
|
|a 3540012494
|q (alk. paper)
|
| 040 |
|
|
|a GrPaTEI
|b gre
|c GR-PaULI
|
| 082 |
0 |
0 |
|a 621.382
|b OHM
|2 22
|
| 100 |
1 |
|
|a Ohm, Jens-Rainer.
|
| 245 |
1 |
0 |
|a Multimedia communication technology :
|b representation, transmission and identification of multimedia signals /
|c Jens-Rainer Ohm.
|
| 260 |
|
|
|a Berlin ;
|a New York :
|b Springer,
|c c2004.
|
| 300 |
|
|
|a xiv, 859 σ. :
|b εικ. ;
|c 25 εκ.
|
| 440 |
|
0 |
|a Signals and communication technology.
|
| 504 |
|
|
|a Περιλαμβάνει βιβλιογραφικές παραπομπές (σ. [829]-851) και ευρετήριο
|
| 650 |
|
0 |
|a Multimedia communications.
|
| 650 |
|
7 |
|a Επικοινωνίες πολυμέσων
|2 nlgaf
|
| 939 |
|
9 |
|y 200603101245
|z zigouri
|
| 942 |
|
|
|2 ddc
|
| 952 |
|
|
|0 0
|1 0
|2 ddc
|4 0
|6 621_382000000000000_OHM
|7 0
|9 251882
|a LISK-2
|b LISK-2
|c BSC
|d 2021-01-17
|e 24
|f 0
|g 0.00
|l 0
|o 621.382 OHM
|p 99243000007443
|r 2021-01-17 00:00:00
|t 1
|w 2021-01-17
|y BK15
|x GrPaTEI - Antirrio
|
| 952 |
|
|
|0 0
|1 0
|2 ddc
|4 0
|6 621_382000000000000_OHM
|7 0
|9 251883
|a LISK-2
|b LISK-2
|c BSC
|d 2021-01-17
|e 24
|f 0
|g 0.00
|l 0
|o 621.382 OHM
|p 99243000007444
|r 2021-01-17 00:00:00
|t 1
|w 2021-01-17
|y BK15
|x GrPaTEI - Antirrio
|
| 971 |
|
|
|a .b22501186
|b 30-09-20
|c 09-09-15
|
| 999 |
|
|
|c 149219
|d 149219
|